Statistiche per Riconosci la Squadra di calcio - Quiz n°338

Clicka qui per fare il quiz!

Statistiche generali

  • Questo quiz è stato fatto 3 volte
  • Il punteggio medio è 4 su 10

Statistiche sulle risposte

IndizioRisposta% Corretto
Colori socialiBianco, blu, rosso
100%
Titoli nazionali3 Titoli d'Inghilterra
50%
Trofei nazionali6 Coppe d'Inghilterra
1 Coppa di Lega inglese
1 Community Shield
50%
SimboliRosa rossa
50%
Divisione nazionale 2023-2024Seconda
50%
ConfederazioneUEFA
50%
Trofei internazionali0
0%
Fondazione1875
0%
Capienza Stadio31 367 posti
0%
SquadraBlackburn Rovers
0%

Distribuzione punteggi

Percentile per numero di risposta

Percentuale di utenti per punteggio

I tuoi punteggi nel tempo

Non hai fatto questo quiz